| 000 | 00512cam a22001931 4500 | ||
|---|---|---|---|
| 001 | af 48003357 | ||
| 003 | DLC | ||
| 005 | 20260227110901.0 | ||
| 008 | 890320s1944 gw a 000 1 ger c | ||
| 010 | _aaf 48003357 | ||
| 035 | _a(OCoLC)19402751 | ||
| 040 |
_aYale Univ. Library _cCU _dDLC |
||
| 042 | _apremarc | ||
| 050 | 0 | 0 |
_aPT2601.N37 _bG6 |
| 100 | 1 |
_aAndreas, Fred, _d1898- |
|
| 245 | 1 | 4 |
_aDer Gott der Diebe; _bNovelle. |
| 260 |
_aHamburg, _bHammerich & Lesser _c[1944] |
||
| 300 |
_a156 p. _billus. _c19 cm. |
||
| 999 |
_c5535 _d5535 |
||